Normal view MARC view
  • Indians of North America

Entry Topical Term

Number of records used in: 1

001 - CONTROL NUMBER

  • control field: 96597

003 - CONTROL NUMBER IDENTIFIER

  • control field: NUST

005 - DATE AND TIME OF LATEST TRANSACTION

  • control field: 20220806160955.0

008 - FIXED-LENGTH DATA ELEMENTS

  • fixed length control field: 220806|| aca||aabn | a|a d

040 ## - CATALOGING SOURCE

  • Original cataloging agency: NUST
  • Transcribing agency: NUST

150 ## - HEADING--TOPICAL TERM

  • Topical term or geographic name entry element: Indians of North America
  • General subdivision: Colonization

670 ## - SOURCE DATA FOUND

  • Source citation: Work cat.: (NUST)0: Dunbar-Ortiz, Roxanne, 1939- 96595, An indigenous peoples' history of the United States
© 2023 Central Library, National University of Sciences and Technology. All Rights Reserved.